000 00747nam a2200217Ii 4500
003 JO-AjNU
008 230605s9999||||xx |||||||||||||| ||und||
017 _a2008/20953
020 _a977-212-169-7
040 _aJO-AjNU
_bara
_erda
_cJO-AjNU
041 _aara
050 1 4 _aHF1359.A63.2009
100 3 _aاعداد:هشام محمود الاقداحي,
_eauthor
_932125
245 0 0 _aالعلاقات الاقتصادية الدولية المعاصرة
264 3 1 _aالاسكندرية:مؤسسة شباب الجامعة؛2009
300 _a505ص
336 _atext
_btxt
_2rdacontent
337 _aunmediated
_bn
_2rdamedia
338 _avolume
_bnc
_2rdacarrier
650 4 _aالعلاقات الاقتصادية الدولية
_932126
999 _aA12933
_c16501
_d16501